00401nam a2200121Ia 4500003000400000008004100004040001600045082001500061245012200076260006500198300001100263490000500274GCL140319s9999 xx 000 0 ara d aGCL / cGCL04a239bع م10aمن شمائل النبى صلى الله عليه وسلم وسيرته العطره هذا نبيك ياولدى a[S.N] : bمكتبة التراث الاسلامى ، c1990 a421 ص a